000 00768nam a2200241 i 4500
001 53135
003 ES-MaACL
005 20250625063143.0
007 t|
008 031010s1908 fr a |||| |bfre d
080 _a74/76Dürer, Albrecht
100 1 _aDürer, Albrecht,
_d1471-1528
_9240966
245 1 0 _aDürer, l'oeuvre du maître
_b: tableaux, gravures sur cuivre, gravures sur bois.
260 _aParis :
_bHachette et Cie.,
_c1908.
300 _aXXIX, 416 p. :
_bil. ;
_c24 cm.
490 1 _aLes classiques de l'art
500 _aÍndice.
504 _aReferencias bibliográficas.
600 1 4 _aDürer, Albrecht,
_d1471-1528
_9240966
830 0 _aLes classiques de l'art
_9186860
852 _aES-MaACL
_jF-1647
999 _c53135
_d53135